000 00442 a2200181 4500
001 142210
040 _cLeonardo Da Vinci
041 _aPortuguês
082 _a869.93 R574r
_bR574r
100 _aROCHA, Osvaldo
245 _aRosa Negra
_bos agrestes também verdejam
260 _bLivramento
_c1980
_aSão Paulo
300 _a183
362 _a19800000
490 _aHistóra presente; 3
697 _aLiteratura
_aBrasil
942 _cBK
999 _c142210
_d142210